000 00299nam a22001337a 4500
008 180205b xxu||||| |||| 00| 0 eng d
020 _a9781556422706
041 _aeng
080 _22nd
_a616
100 _a9
101 _aPAT
245 _aPsychopathology& function
_cBonder,B.R
942 _2udc
_cBK
999 _c41745
_d41745